[Event "17th Reykjavik op"]
[Site "Reykjavik ISL"]
[Date "1996.03.02"]
[Round "1.2"]
[White "Gulko, Boris"]
[Black "Sigfusson, Sigurdur"]
[Result "1-0"]
[WhiteElo "2615"]
[BlackElo "2245"]
[EventDate "1996.03.02"]
[PlyCount "81"]

1.c4 Nf6 2.Nc3 e5 3.Nf3 Nc6 4.g3 d5 5.cxd5 Nxd5 6.Bg2 Be6 7.O-O Be7 8.d4 
Nxc3 9.bxc3 exd4 10.cxd4 O-O 11.e4 Bc4 12.Re1 a5 13.Bb2 Nb4 14.Bf1 Bxa2 
15.d5 Bf6 16.Qd2 Bb3 17.Nd4 Bxd4 18.Qxd4 Qf6 19.Qd2 Qg6 20.Ra3 Bc2 21.f3 
f5 22.e5 f4 23.g4 h5 24.h3 hxg4 25.hxg4 Bf5 26.Rc1 Nc2 27.e6 Nxa3 28.Bxa3 
Bxg4 29.fxg4 Rf5 30.Qg2 Re5 31.Bc5 Rg5 32.Be2 Qf6 33.Qf3 Rd8 34.e7 Re8 35.
Bc4 Kh7 36.Rc2 g6 37.Ba3 Re5 38.Rh2+ Kg7 39.Qh3 Qb6+ 40.Kg2 R8xe7 41.Qh8+ 
1-0

[Event "17th Reykjavik op"]
[Site "Reykjavik ISL"]
[Date "1996.03.02"]
[Round "1.3"]
[White "Bjornsson, Bjorn Freyr"]
[Black "Hansen, Curt"]
[Result "1/2-1/2"]
[WhiteElo "2230"]
[BlackElo "2615"]
[EventDate "1996.03.02"]
[PlyCount "40"]

1.e4 c5 2.Nf3 e6 3.d3 Nc6 4.g3 d5 5.Nbd2 Nf6 6.Bg2 Be7 7.O-O b6 8.Re1 Bb7 
9.e5 Nd7 10.Nf1 Qc7 11.Bf4 h6 12.h4 g5 13.hxg5 hxg5 14.Nxg5 Ndxe5 15.b4 
cxb4 16.d4 Bxg5 17.Bxg5 Ng6 18.Ne3 Nce7 19.a3 bxa3 20.Rxa3 Kf8 1/2-1/2

[Event "17th Reykjavik op"]
[Site "Reykjavik ISL"]
[Date "1996.03.02"]
[Round "1.4"]
[White "Rozentalis, Eduardas"]
[Black "Karason, Askell Oern"]
[Result "1-0"]
[WhiteElo "2605"]
[BlackElo "2230"]
[EventDate "1996.03.02"]
[PlyCount "59"]

1.e4 {Ftacnik} 1...c5 2.Nf3 d6 3.d4 cxd4 4.Qxd4 Nc6 5.Bb5 Bd7 6.Bxc6 Bxc6 
7.Nc3 Nf6 8.Bg5 e6 9.O-O-O Be7 10.Rhe1 {Die neue Mode ist 10.i d3} 10...
O-O 11.Qd2 Qc7 12.Nd4 Rfd8 ( 12...Rfc8 13.f3 b5 14.Kb1 b4 15.Nce2 a5 16.g4
a4 17.Ng3 $13 {David-Yudasin/Moscow/ol./1994} ) ( 12...b5 $6 {Spielt Mann 
13.i c6, aber auch nicht klar, nehmen auf b5.} ) 13.f3 ( 13.f4 h6 14.Bxf6 
$2 ( 14.h4 $1 ) 14...Bxf6 15.g4 Qb6 $1 $15 {Lautier-Timman/Beograd/1995} )
13...a6 14.g4 b5 15.Nce2 Bb7 $6 ( 15...Be8 $5 ) ( 15...a5 16.Ng3 b4 17.Nh5
$1 Nxh5 18.Bxe7 Qxe7 19.gxh5 h6 20.Rg1 $16 ) 16.Ng3 g6 17.Kb1 e5 {} 18.
Ndf5 $1 gxf5 19.Nxf5 Bc8 ( 19...Rac8 {Ftacnik} 20.Bh4 Nxe4 21.fxe4 ( 21.
Nxe7+ Qxe7 22.Bxe7 Nxd2+ 23.Rxd2 Re8 $10 ) 21...Bxh4 22.Nxh4 f6 23.g5 $16 
) 20.Nxe7+ Qxe7 21.Bh4 $18 Nxe4 ( 21...Rd7 {Ftacnik} 22.Qg5+ Kh8 23.Qxf6+ 
Qxf6 24.Bxf6+ Kg8 25.Re2 Raa7 26.Red2 $18 ) 22.Qh6 f6 ( 22...Qf8 {Ftacnik}
23.Qxf8+ Rxf8 24.fxe4 Ra7 25.Rxd6 $16 ) 23.fxe4 Qg7 24.Qe3 ( 24.Qxf6 {
Ftacnik} 24...Qxf6 25.Bxf6 Rd7 26.g5 $16 ) 24...Bb7 ( 24...Bxg4 {Ftacnik} 
25.Rg1 Rd7 ( 25...Bxd1 26.Rxg7+ Kxg7 27.Qg1+ $18 ) 26.Rxg4 Qxg4 27.Rg1 $18
) ( 24...Be6 {Ftacnik} 25.Rf1 Qa7 26.Qh6 $18 ) 25.Rf1 ( 25.g5 $18 ) 25...
Rf8 26.Rxd6 Rad8 ( 26...Rac8 27.Bxf6 $18 ) 27.Rxd8 Rxd8 28.Bxf6 Rf8 ( 
28...Qf8 {Ftacnik} 29.Qg5+ ) 29.Qb3+ Qf7 30.Be7 $1 ( 30.Be7 $1 {Ftacnik} 
30...Qxb3 31.Rxf8+ $18 ) 1-0

[Event "17th Reykjavik op"]
[Site "Reykjavik ISL"]
[Date "1996.03.02"]
[Round "1.5"]
[White "Gunnarsson, Arinbjorn"]
[Black "Agdestein, Simen"]
[Result "0-1"]
[WhiteElo "2220"]
[BlackElo "2585"]
[EventDate "1996.03.02"]
[PlyCount "140"]

1.e4 Nf6 2.e5 Nd5 3.d4 d6 4.c4 Nb6 5.f4 Bf5 6.Be3 e6 7.Nc3 dxe5 8.fxe5 Bb4
9.Bd3 c5 10.a3 cxd4 11.axb4 Bxd3 12.Qxd3 dxe3 13.Qxd8+ Kxd8 14.b3 Nc6 15.
Nf3 Nxb4 16.O-O-O+ Ke7 17.Rhe1 a5 18.Rxe3 a4 19.Nxa4 Nxa4 20.bxa4 Rhc8 21.
Kb2 Rxc4 22.Rc3 Rxc3 23.Kxc3 Nd5+ 24.Kb3 Rc8 25.Kb2 Rc4 26.Ra1 Re4 27.Kb3 
h6 28.a5 g5 29.Re1 Rb4+ 30.Ka3 Rb5 31.Ka4 Rb2 32.Ka3 Rb5 33.Ka4 Rc5 34.h3 
Rc2 35.Rg1 Kd8 36.Nh2 Ne3 37.Ng4 Nxg4 38.hxg4 Rc4+ 39.Kb5 Rxg4 40.Kb6 Rb4+
41.Kc5 Re4 42.Kb6 Rxe5 43.Rf1 f5 44.Rh1 Kd7 45.Rxh6 Re2 46.Kxb7 Rb2+ 47.
Ka7 Rxg2 48.a6 Rb2 49.Ka8 g4 50.a7 Ra2 51.Kb7 Rb2+ 52.Ka8 Ra2 53.Kb7 g3 
54.Rg6 f4 55.Rg4 e5 56.Rg7+ Ke8 ( 56...Ke6 57.Rg6+ Kf5 58.Ra6 Rxa6 59.Kxa6
g2 60.a8=Q g1=Q $19 ) 57.a8=Q+ Rxa8 58.Kxa8 e4 59.Rg4 f3 60.Rxe4+ Kd7 61.
Re3 g2 62.Rxf3 g1=Q {T vs D: ENDSPIEL-CD: "Schwarz gewinnt in 16 Zuegen. 
Am besten ist 1.Tf7+"} 63.Rf7+ Ke6 64.Rb7 Qa1+ ( 64...Kd6 $1 ) 65.Kb8 Qa5 
( 65...Kd6 $1 ) 66.Rc7 ( 66.Kc8 ) 66...Kd6 $1 67.Rg7 Qd8+ 68.Ka7 ( 68.Kb7 
) 68...Kc6 $1 69.Rg6+ ( 69.Rb7 Qd4+ 70.Kb8 ( 70.Ka8 Qa1+ 71.Kb8 Qa5 {
Zugzwang} ) 70...Qh8+ 71.Ka7 Qd8 {Zugzwang} ) 69...Kb5 70.Rh6 Qe7+ 0-1

[Event "17th Reykjavik op"]
[Site "Reykjavik ISL"]
[Date "1996.03.02"]
[Round "1.6"]
[White "Petursson, Margeir"]
[Black "De Kleuver, Esther"]
[Result "1-0"]
[WhiteElo "2585"]
[BlackElo "2210"]
[EventDate "1996.03.02"]
[PlyCount "77"]

1.c4 b6 2.d4 e6 3.a3 Bb7 4.Nc3 Nf6 5.d5 exd5 6.cxd5 Bd6 7.g3 O-O 8.Bg2 Na6
9.Nh3 Qe7 10.O-O Nc5 11.Qc2 Rfe8 12.Bg5 h6 13.Bxf6 Qxf6 14.b4 Na6 15.Rad1 
Be5 16.Ne4 Qf5 17.f4 Bd6 18.Nhf2 Rad8 19.Qc4 Bf8 20.Nc3 d6 21.e4 Qh5 22.
Nb5 Re7 23.Nxa7 Nb8 24.a4 Ba6 25.b5 Bb7 26.Nc6 Nxc6 27.dxc6 Bc8 28.f5 Rde8
29.Nd3 Qg5 30.Nf4 Re5 31.Nd5 Qd8 32.Ra1 h5 33.h4 Be7 34.a5 bxa5 35.Rxa5 
Bf6 36.Ra8 Rxd5 37.Qxd5 Be5 38.f6 Bxg3 39.Qg5 1-0

[Event "17th Reykjavik op"]
[Site "Reykjavik ISL"]
[Date "1996.03.02"]
[Round "1.8"]
[White "Conquest, Stuart"]
[Black "Pinkus, Lutz"]
[Result "1-0"]
[WhiteElo "2540"]
[BlackElo "2185"]
[EventDate "1996.03.02"]
[PlyCount "71"]

1.e4 c6 2.d4 d5 3.f3 e6 4.Be3 Nf6 5.Nd2 c5 6.dxc5 Nc6 7.c3 e5 8.exd5 Nxd5 
9.Bf2 Be6 10.Qa4 Be7 11.h4 O-O 12.Nh3 f6 13.O-O-O Qc7 14.Bd3 Kh8 15.g4 b6 
16.Ne4 bxc5 17.Nxc5 Bxc5 18.Bxc5 Nb6 19.Qe4 f5 20.Qe2 Rfc8 21.Ng5 Bxa2 22.
Bxf5 Na5 23.Bxb6 axb6 24.Bxc8 Rxc8 25.Qe4 Bg8 26.Rhe1 h6 27.Qxe5 Qxe5 28.
Rxe5 hxg5 29.hxg5 Bh7 30.Rd7 Rf8 31.f4 Nb3+ 32.Kd1 Nc5 33.Rde7 Rxf4 34.
Re8+ Bg8 35.g6 Rxg4 36.Rh5# 1-0

[Event "17th Reykjavik op"]
[Site "Reykjavik ISL"]
[Date "1996.03.02"]
[Round "1.9"]
[White "Burden, James"]
[Black "Stefansson, Hannes Hlifar"]
[Result "0-1"]
[WhiteElo "2185"]
[BlackElo "2540"]
[EventDate "1996.03.02"]
[PlyCount "82"]

1.e4 c5 2.Nf3 d6 3.d4 cxd4 4.Nxd4 Nf6 5.Nc3 Nc6 6.Bc4 Qb6 7.Nb3 e6 8.O-O 
Be7 9.Bg5 Ne5 10.Be2 a6 11.Kh1 Ng6 12.a4 Qc7 13.Be3 O-O 14.f4 Bd7 15.Qe1 
b5 16.f5 Ne5 17.axb5 axb5 18.Qg3 Rxa1 19.Rxa1 b4 20.Ra7 Qb8 21.Bh6 Ng6 22.
fxg6 hxg6 23.Be3 bxc3 24.bxc3 Nxe4 25.Qf3 Nf6 26.h4 Rd8 27.c4 d5 28.cxd5 
Nxd5 29.Bf2 Bf6 30.h5 gxh5 31.c4 Nc3 32.Rb7 Qc8 33.Bd3 Bc6 34.Bh7+ Kf8 35.
Rxf7+ Kxf7 36.Qxh5+ Ke7 37.Bc5+ Rd6 38.Bg8 Qxg8 39.Bxd6+ Kxd6 40.Qc5+ Kd7 
41.Qa7+ Kc8 0-1

[Event "17th Reykjavik op"]
[Site "Reykjavik ISL"]
[Date "1996.03.02"]
[Round "1.10"]
[White "Van der Sterren, Paul"]
[Black "Halldorsson, Jon Arni"]
[Result "1-0"]
[WhiteElo "2535"]
[BlackElo "2160"]
[EventDate "1996.03.02"]
[PlyCount "71"]

1.Nf3 d5 2.d4 Nf6 3.c4 c6 4.Nc3 e6 5.Bg5 h6 6.Bxf6 Qxf6 7.e3 Nd7 8.Bd3 Bd6
9.e4 dxe4 10.Nxe4 Qe7 11.Nxd6+ Qxd6 12.O-O O-O 13.c5 Qc7 14.Qe2 b6 15.b4 
bxc5 16.bxc5 Nf6 17.Ne5 Rd8 18.Qe3 Rb8 19.Rab1 Bd7 20.g3 Be8 21.Nc4 Rxb1 
22.Rxb1 Rb8 23.Rxb8 Qxb8 24.Nd6 Bd7 25.Qf4 Kf8 26.h4 Be8 27.Kg2 Nd5 28.Qe4
Nf6 29.Qe5 Nd7 30.Qf4 Nf6 31.Bc4 Qb1 32.Bb3 Qd3 33.Nxe8 Kxe8 34.Qb8+ Ke7 
35.Qd6+ Ke8 36.Qxc6+ 1-0

[Event "17th Reykjavik op"]
[Site "Reykjavik ISL"]
[Date "1996.03.02"]
[Round "1.12"]
[White "Gausel, Einar"]
[Black "Briem, Stefan"]
[Result "1-0"]
[WhiteElo "2515"]
[BlackElo "2180"]
[EventDate "1996.03.02"]
[PlyCount "35"]

1.d4 f5 2.g3 Nf6 3.Bg2 e6 4.c4 d5 5.Nf3 c6 6.O-O Bd6 7.Nc3 O-O 8.Bf4 Bxf4 
9.gxf4 b6 10.Rc1 Qe7 11.Ne5 Bb7 12.cxd5 exd5 13.Qa4 a5 14.a3 Ne4 15.Qb3 
Nd2 {} 16.Nxd5 $1 cxd5 ( 16...Nxb3 17.Nxe7+ Kh8 18.N5g6+ hxg6 19.Rc3 Nxd4
20.Rh3# ) 17.Bxd5+ Kh8 ( 17...Bxd5 18.Qxd5+ Kh8 19.Rfd1 Na6 20.Rxd2 $18 ) 
18.Ng6+ $1 ( 18.Ng6+ $1 hxg6 19.Qh3+ Qh4 20.Qxh4# ) 1-0

[Event "17th Reykjavik op"]
[Site "Reykjavik ISL"]
[Date "1996.03.02"]
[Round "1.13"]
[White "Gunnarsson, Jon Viktor"]
[Black "Tisdall, Jonathan"]
[Result "0-1"]
[WhiteElo "2180"]
[BlackElo "2510"]
[EventDate "1996.03.02"]
[PlyCount "86"]

1.e4 c5 2.Nf3 d6 3.d4 cxd4 4.Nxd4 Nf6 5.Nc3 a6 6.Be2 e6 7.Be3 Qc7 8.f4 b5 
9.a3 Bb7 10.Bf3 Nbd7 11.Nb3 Rc8 12.Qe2 Be7 13.Qf2 O-O 14.O-O Rfe8 15.Rad1 
Bf8 16.Rd2 e5 {The main purpose of this move is to fix the e4-pawn as a 
target. Black alredy threatens to win it after e5xf4.} 17.f5 d5 $1 {} 18.
exd5 e4 19.Be2 Bd6 20.Qh4 Nb6 21.Rfd1 Re5 22.Kh1 Rce8 23.Rf1 Nbxd5 24.Bd4 
Nxc3 25.Bxc3 e3 26.Rdd1 Re4 27.Qh3 Nd5 $19 28.f6 Nxc3 29.bxc3 Bc8 30.g4 g6
31.Nd4 Bf8 32.Kg1 Qxc3 33.Rd3 Qc5 34.c3 Qg5 35.Qg2 Rf4 36.Rxf4 Qxf4 37.Qf3
Qe5 38.Nc6 Qc5 39.Nd4 Qe5 40.Nc6 Qc7 41.Nd4 Bb7 42.Qh3 Qf4 43.Bf3 Bc5 0-1

[Event "17th Reykjavik op"]
[Site "Reykjavik ISL"]
[Date "1996.03.02"]
[Round "1.14"]
[White "Djurhuus, Rune"]
[Black "Berg, Emanuel"]
[Result "1-0"]
[WhiteElo "2505"]
[BlackElo "2180"]
[EventDate "1996.03.02"]
[PlyCount "65"]

1.d4 e6 2.e4 d5 3.Nc3 Bb4 4.e5 c5 5.Bd2 Bd7 6.Qg4 Ne7 7.dxc5 Nbc6 8.Qxg7 
Rg8 9.Qxh7 Nxe5 10.O-O-O Bxc5 11.f4 Ng4 12.Nh3 Nf6 13.Qd3 a6 14.Be3 Bxe3+ 
15.Qxe3 Nf5 16.Qe1 d4 17.Ne2 Bc6 18.Ng5 Rc8 19.Nxd4 Nxd4 20.Qe5 Ng4 21.
Qxd4 Qxd4 22.Rxd4 e5 23.Rd2 f6 24.Bc4 Rg7 25.Be6 Bd7 26.Rxd7 Rxd7 27.Bxg4 
fxg5 28.Re1 gxf4 29.Rxe5+ Kd8 30.Re4 f3 31.gxf3 Rc5 32.Bxd7 Kxd7 33.Kd2 
1-0

[Event "17th Reykjavik op"]
[Site "Reykjavik ISL"]
[Date "1996.03.02"]
[Round "1.15"]
[White "Einarsson, Bergsteinn"]
[Black "Olafsson, Helgi"]
[Result "0-1"]
[WhiteElo "2175"]
[BlackElo "2485"]
[EventDate "1996.03.02"]
[PlyCount "56"]

1.d4 Nf6 2.c4 e6 3.Nc3 Bb4 4.e3 b6 5.Bd3 Bb7 6.f3 $6 ( 6.Nf3 ) ( 6.Ne2 ) 
6...c5 7.Ne2 $6 ( 7.a3 $8 Bxc3+ 8.bxc3 Nc6 $13 ) 7...cxd4 8.exd4 d5 9.cxd5
Nxd5 10.O-O O-O $15 11.Nxd5 ( 11.Be4 $5 ) 11...Bxd5 12.Bf4 Nc6 13.Rc1 Bd6 
14.Bxd6 Qxd6 15.Bb1 Rfd8 16.Qd3 g6 17.a3 Rd7 18.Rfd1 Rad8 19.b4 a5 20.b5 
Ne7 21.Qe3 a4 $1 $17 22.Nc3 Bb3 23.Ne4 Nd5 24.Qxb3 ( 24.Qh6 Qxa3 25.Ng5 
Bxd1 26.Qxh7+ Kf8 $17 ) 24...axb3 25.Nxd6 Rxd6 26.Be4 ( 26.Rd3 Nf4 $19 ) (
26.Kf2 Ra8 $19 ) 26...b2 $19 27.Rc6 Rxc6 28.bxc6 Nc3 0-1

[Event "17th Reykjavik op"]
[Site "Reykjavik ISL"]
[Date "1996.03.02"]
[Round "1.17"]
[White "Thorsson, Olafur"]
[Black "Bronstein, David"]
[Result "0-1"]
[WhiteElo "2160"]
[BlackElo "2455"]
[EventDate "1996.03.02"]
[PlyCount "77"]

1.d4 Nf6 2.Nf3 g6 3.c4 Bg7 4.Nc3 O-O 5.e4 d6 6.Be2 e5 7.d5 a5 8.Bg5 Qe8 9.
Nd2 Nfd7 $6 {Eine ungew@ hnliche Alternative zum 9 ..i a6.} ( 9...Na6 ) 
10.g4 $6 {Was soll eigentlich nach 10. a3 passieren ? Wei@eren kann dann 
sein Spiel am Damenfluegel viel schneller audbauen als nach 9 ..i a6. 
Fazit : 9 ..i fd7 ist ungenau.} ( 10.a3 f5 ( 10...Na6 11.b4 $1 {[%csl 
Ra8][%cal Ya1a8]} ) ( 10...Nc5 11.b4 axb4 12.axb4 Rxa1 13.Qxa1 Nca6 14.Qb1
$14 ) ( 10...f6 11.Be3 f5 12.f3 $14 ) 11.exf5 Rxf5 ( 11...gxf5 $2 12.Bh5 
$18 ) 12.Be3 {[%csl Ge4] und Wei@ hat einen soliden Vorteil dank der 
Kontrolle ueber e4.} ) 10...Nc5 11.Rg1 Nba6 12.a3 a4 13.h4 Bd7 14.h5 h6 
15.Be3 g5 16.Nb5 $2 {Es ist offensichtlich, da@nsichtlich, sich nun der 
Hauptkampf am Damenfluegel abspielen wird. ...c6 pa@6 t in den schwarzen 
Aufbau, darum sollte Wei@e dies nicht provozieren. Wei@zieren. sollte sich
um Ausgleich bemuehen mittels 16. b4:} ( 16.b4 axb3 17.Nxb3 Qe7 18.Nxc5 
Nxc5 19.Qc2 $10 {[%cal Yf2f3,Ye1f2,Yg1b1] i f3, if2, i gb1} ) 16...Qb8 17.
Qc2 c6 18.Nc3 Qd8 19.f3 Qa5 20.Kf2 Rfb8 21.Rgd1 Bf6 $1 {[%cal Yf6d8,Yd8b6]
Man vergleiche auch die Partie Olsen,H-Bronstein,D/Reykjavik op (03).} 22.
Rdc1 {Unterdessen vertr@ssen delt Wei@@ssen sinnlos seine Zeit.} 22...Bd8 
23.Bd1 Bb6 24.Be2 Ne6 $1 $17 25.Bxb6 ( 25.dxe6 Bxe3+ 26.Kxe3 Qb6+ 27.Kd3 
Qd4# ) 25...Qxb6+ 26.Kf1 Nf4 27.Nxa4 Qe3 28.Nc3 Nc5 29.Re1 Bxg4 30.fxg4 
Qg3 31.Bf3 Nh3 32.Ke2 Qh2+ 33.Kd1 Nf2+ 34.Ke2 Nxg4+ 35.Kd1 Nf2+ 36.Ke2 
Nfxe4+ 37.Kd1 Nf2+ 38.Ke2 e4 39.Bxe4 0-1

[Event "17th Reykjavik op"]
[Site "Reykjavik ISL"]
[Date "1996.03.02"]
[Round "1.18"]
[White "Borge, Nikolaj"]
[Black "Kjeld, Matthias"]
[Result "1-0"]
[WhiteElo "2455"]
[BlackElo "2155"]
[EventDate "1996.03.02"]
[PlyCount "89"]

1.e4 e6 2.d3 c5 3.Nf3 Nc6 4.g3 d6 5.Bg2 Be7 6.O-O Nf6 7.Nc3 O-O 8.h3 a6 9.
Be3 Qc7 10.g4 h6 11.Nh2 b5 12.f4 Bb7 13.h4 Nd4 14.Ne2 Nxe2+ 15.Qxe2 d5 16.
g5 hxg5 17.hxg5 Nd7 18.Qh5 dxe4 19.dxe4 g6 20.Qh4 f6 21.Ng4 fxg5 22.Qh6 
Nf6 23.Qxg6+ Kh8 24.Rf3 Nh7 25.Rh3 Bd8 26.fxg5 Rg8 27.Qh6 Qg7 28.Bxc5 Qxh6
29.Nxh6 Nxg5 30.Bd4+ Kh7 31.Nxg8+ Nxh3+ 32.Bxh3 Kxg8 33.Bxe6+ Kf8 34.Bf5 
Bg5 35.Kf2 Rd8 36.Rd1 Kf7 37.Rd3 Rg8 38.Rh3 Bf6 39.Rh7+ Rg7 40.Rxg7+ Bxg7 
41.Bxg7 Kxg7 42.Ke3 Kf6 43.Kd4 Bc6 44.b4 Be8 45.Bc8 1-0

[Event "17th Reykjavik op"]
[Site "Reykjavik ISL"]
[Date "1996.03.02"]
[Round "1.19"]
[White "Schmied, Andreas"]
[Black "Gretarsson, Helgi Ass"]
[Result "0-1"]
[WhiteElo "2155"]
[BlackElo "2450"]
[EventDate "1996.03.02"]
[PlyCount "95"]

1.d4 d5 2.Nf3 Nf6 3.g3 Bf5 4.Bg2 c6 5.c4 e6 6.O-O h6 7.Nc3 Nbd7 8.cxd5 
exd5 9.Bf4 Be7 10.Ne5 O-O 11.Re1 Re8 12.h3 Qb6 13.Nxd7 Nxd7 14.e4 dxe4 15.
g4 Bg6 16.Nxe4 Rad8 17.Qf3 Qxb2 18.Rab1 Qxd4 19.Rbd1 Qb6 20.Qg3 Nc5 21.Nd6
Bxd6 22.Bxd6 Nd3 23.Bc7 Rxe1+ 24.Rxe1 Qb4 25.Rd1 Rd7 26.Bf1 Qe7 27.Ba5 Nc5
28.Re1 Qd6 29.Qxd6 Rxd6 30.Bb4 b6 31.Re7 Rd1 32.Kg2 Be4+ 33.f3 Bxf3+ 34.
Kxf3 Rxf1+ 35.Ke2 Rh1 36.Rxa7 Rh2+ 37.Kf3 Rxh3+ 38.Kg2 Rd3 39.Rc7 Rd4 40.
a3 Rxg4+ 41.Kf3 Rg6 42.Ke3 Re6+ 43.Kd4 Re4+ 44.Kc3 Na4+ 45.Kb3 c5 46.Bd2 
b5 47.Rb7 c4+ 48.Kc2 0-1

[Event "17th Reykjavik op"]
[Site "Reykjavik ISL"]
[Date "1996.03.02"]
[Round "1.20"]
[White "Thorhallsson, Throestur"]
[Black "Thorfinnsson, Bragi"]
[Result "1-0"]
[WhiteElo "2445"]
[BlackElo "2155"]
[EventDate "1996.03.02"]
[PlyCount "85"]

1.e4 c5 2.Nf3 d6 3.d4 cxd4 4.Nxd4 Nf6 5.Nc3 g6 6.Be3 Bg7 7.f3 O-O 8.Qd2 
Nc6 9.g4 Nxd4 $6 ( 9...Be6 $1 ) 10.Bxd4 Qa5 ( 10...Be6 ) 11.O-O-O ( 11.Bc4
) 11...e5 $2 12.Be3 Be6 13.a3 Rfd8 14.g5 Nh5 15.Nb5 Qxd2+ 16.Rxd2 d5 17.
Nc7 d4 18.Nxa8 Rxa8 19.Bf2 Rc8 20.Kb1 a6 21.Be2 h6 22.h4 b5 23.Rc1 hxg5 
24.hxg5 Nf4 25.Bf1 Bc4 26.Bg3 Ne6 27.Bh3 Rc5 28.Bxe6 Bxe6 29.c3 a5 30.cxd4
Ba2+ 31.Kxa2 Rxc1 32.Bxe5 Bxe5 33.dxe5 Rf1 34.Rd6 Rxf3 35.e6 fxe6 36.Rxe6 
Kf7 37.Rb6 b4 38.a4 Re3 39.Rb5 Rxe4 40.Rxa5 Re3 41.Rb5 Re4 42.Kb3 Rg4 43.
Re5 1-0

[Event "17th Reykjavik op"]
[Site "Reykjavik ISL"]
[Date "1996.03.02"]
[Round "1.21"]
[White "Ragnarsson, Johann"]
[Black "Lyrberg, Patrik"]
[Result "0-1"]
[WhiteElo "2130"]
[BlackElo "2425"]
[EventDate "1996.03.02"]
[PlyCount "56"]

1.d4 Nf6 2.c4 g6 3.Nc3 Bg7 4.Nf3 O-O 5.Bf4 c5 6.e3 cxd4 7.exd4 d5 8.Be2 
Nc6 9.h3 Bf5 10.O-O dxc4 11.Bxc4 Rc8 12.Bb5 Ne4 13.Bxc6 Rxc6 14.Nxe4 Bxe4 
15.Be3 Qd5 16.Ne5 Bxg2 17.Nxc6 bxc6 18.Re1 Bxh3 19.f3 Rb8 20.b3 Rb5 21.Rc1
Qd6 22.f4 Rg5+ 23.Kh2 Bg4 24.Qd2 Bf3 25.Rg1 Rh5+ 26.Kg3 Bd5 27.Qe2 Qe6 28.
Qg4 Qxe3+ 0-1

[Event "17th Reykjavik op"]
[Site "Reykjavik ISL"]
[Date "1996.03.02"]
[Round "1.22"]
[White "Van der Werf, Mark"]
[Black "Gunnarsson, Arnar"]
[Result "1-0"]
[WhiteElo "2400"]
[BlackElo "2130"]
[EventDate "1996.03.02"]
[PlyCount "73"]

1.d4 f5 2.g3 e6 3.Bg2 Nf6 4.Nf3 d5 5.O-O Bd6 6.c4 c6 7.b3 Qe7 8.Bb2 O-O 9.
Ne5 Rd8 $2 ( 9...Ne4 10.Qc1 Nd7 11.Nd3 b6 12.Ba3 Bb7 13.Bxd6 Qxd6 14.e3 
Rac8 15.Na3 c5 16.Qb2 Qe7 17.Rac1 Rfd8 18.cxd5 exd5 19.Rfd1 Ndf6 20.dxc5 
bxc5 21.Qe5 Qxe5 22.Nxe5 Ba6 23.h3 Kf8 24.Bf1 Bxf1 25.Kxf1 {E-E 
Hjartarson,J-Dolmatov,S/Moscow-A ;TD 87\01 1987} ) 10.Qc2 Bd7 11.Nd2 Be8 
12.a3 Ne4 ( 12...Bxe5 13.dxe5 Ne4 14.Nxe4 fxe4 15.cxd5 exd5 16.f3 exf3 17.
exf3 Bg6 18.Qf2 $16 {if3-f4-f5} ) 13.Ndf3 Nd7 14.Nd3 g5 15.c5 Bc7 16.b4 
Bg6 ( 16...Bh5 $142 ) 17.Nfe5 Nxe5 $6 18.dxe5 Rf8 $2 ( 18...g4 $8 19.f3 
Ng5 20.Nf4 $14 ) 19.f3 f4 20.gxf4 $1 ( 20.fxe4 dxe4 21.Nf2 f3 22.Bh3 e3 
23.Ne4 fxe2 24.Rxf8+ Rxf8 25.Nf6+ Rxf6 26.exf6 $18 ) 20...gxf4 21.fxe4 
Bxe4 ( 21...dxe4 22.Nxf4 ) 22.Bxe4 dxe4 23.Nf2 Bxe5 24.Bxe5 Qg5+ 25.Kh1 
Qxe5 26.Qxe4 Qxe4+ 27.Nxe4 Rad8 28.Nd6 b6 29.Rg1+ Kh8 30.Rad1 Rd7 31.Kg2 
bxc5 32.bxc5 f3+ 33.exf3 Rf4 34.Kf2 h6 35.Rg4 Rf5 36.Rc1 Rh5 37.Kg3 1-0

[Event "17th Reykjavik op"]
[Site "Reykjavik ISL"]
[Date "1996.03.02"]
[Round "1.23"]
[White "Sigurjonsson, Stefan Thor"]
[Black "Gulko, Anna"]
[Result "1-0"]
[WhiteElo "2125"]
[BlackElo "2385"]
[EventDate "1996.03.02"]
[PlyCount "81"]

1.e4 d6 2.d4 g6 3.Nf3 Bg7 4.Bc4 e6 5.Nc3 a6 6.Bg5 Ne7 7.Qd2 b5 8.Bb3 h6 9.
Bh4 Bb7 10.a3 Nd7 11.O-O g5 12.Bg3 Ng6 13.Rad1 Nf6 14.e5 Nh5 15.d5 Nxg3 
16.fxg3 dxe5 17.dxe6 fxe6 18.Qe2 Qe7 19.Qd3 Nf8 20.Qe3 Nd7 21.Rxd7 Kxd7 
22.Nxe5+ Bxe5 23.Qxe5 Rae8 24.Rf6 Qd6 25.Rf7+ Kd8 26.Qxd6+ cxd6 27.Rxb7 d5
28.Ra7 Rhf8 29.Rxa6 Rf5 30.Nxb5 Ref8 31.h3 Kd7 32.Ra7+ Kd8 33.Nd4 Rf1+ 34.
Kh2 R8f6 35.c4 e5 36.Nb5 d4 37.c5 Rc1 38.Nd6 h5 39.Ba4 Rxd6 40.cxd6 Rc8 
41.Re7 1-0

[Event "17th Reykjavik op"]
[Site "Reykjavik ISL"]
[Date "1996.03.02"]
[Round "1.25"]
[White "Gustafson, Dale"]
[Black "Vidarsson, Jon"]
[Result "0-1"]
[WhiteElo "2090"]
[BlackElo "2340"]
[EventDate "1996.03.02"]
[PlyCount "84"]

1.e4 c5 2.Nc3 e6 3.g3 Nc6 4.Bg2 g6 5.d3 Bg7 6.Be3 Nd4 7.Qd2 Ne7 8.f4 d6 9.
Nd1 e5 10.c3 Ne6 11.f5 gxf5 12.Bh6 Bxh6 13.Qxh6 f4 14.Qh5 Bd7 15.Ne2 Ng6 
16.Rf1 Qe7 17.c4 Nd4 18.Nec3 Nc2+ 19.Kd2 Nxa1 20.Nd5 Qd8 21.N1c3 Be6 22.
Rxa1 Bxd5 23.Nxd5 Qa5+ 24.Ke2 O-O-O 25.Qf5+ Kb8 26.Qf6 Qa4 27.Rd1 Qd7 28.
Rb1 Qe6 29.Qf5 h5 30.b4 h4 31.gxf4 h3 32.Bh1 Nh4 33.Qg5 exf4 34.bxc5 f3+ 
35.Kd2 Rdg8 36.Qf4 Rg4 37.Qxd6+ Qxd6 38.cxd6 f2 39.Ne3 Rg1 40.Rf1 Ng2 41.
Bxg2 hxg2 42.Rxf2 Rd1+ 0-1

[Event "17th Reykjavik op"]
[Site "Reykjavik ISL"]
[Date "1996.03.02"]
[Round "1.26"]
[White "Gretarsson, Andri Ass"]
[Black "Berg, Bo"]
[Result "1-0"]
[WhiteElo "2330"]
[BlackElo "2085"]
[EventDate "1996.03.02"]
[PlyCount "87"]

1.e4 e6 2.d3 b5 3.g3 Bb7 4.Nf3 Be7 5.Bg2 Nf6 6.O-O c5 7.Nbd2 Nc6 8.Re1 O-O
9.e5 Ne8 10.Ne4 f5 11.exf6 Nxf6 12.c3 Nxe4 13.dxe4 d5 14.h4 dxe4 15.Qxd8 
Raxd8 16.Ng5 Rf6 17.Nxe4 Rg6 18.h5 Rg4 19.Bf3 Ne5 20.Bxg4 Nxg4 21.Bf4 e5 
22.Bg5 Bxg5 23.Nxg5 h6 24.Ne4 c4 25.a4 Rd5 26.Re2 bxa4 27.f3 Nf6 28.Rxa4 
a5 29.Nd2 Nxh5 30.Kf2 Kh7 31.Nxc4 Ba6 32.Ne3 Rd8 33.c4 Nf6 34.Rxa5 Bb7 35.
Rxe5 Rf8 36.Nf5 g6 37.Re7+ Kh8 38.Rxb7 gxf5 39.Re6 h5 40.c5 Nd5 41.Rh6+ 
Kg8 42.Rg6+ Kh8 43.Rh6+ Kg8 44.Rxh5 1-0